Hotel front office operations (Record no. 395618)

MARC details
000 -LEADER
fixed length control field 00498 a2200193 4500
005 - DATE & TIME
control field 20260417114756.0
008 - FIXED-LENGTH DATA ELEMENTS--GENERAL INFORMATION
fixed length control field 260416b |||||||| |||| 00| 0 eng d
020 ## - ISBN
International Standard Book Number 9789349057685
Price Rs. 295.00
040 ## - CATALOGING SOURCE
Original cataloging agency VIVEKANANDA LIBRARY
082 ## - DDC NUMBER
Classification number 647.94
Book Number A38H
100 ## - MAIN ENTRY--PERSONAL NAME
Personal name Aggarwal, Shikha
245 ## - TITLE STATEMENT
Title Hotel front office operations
260 ## - PUBLICATION, DISTRIBUTION, ETC. (IMPRINT)
Name of publisher, distributor, etc CBS Publishers
Date of publication, distribution, etc 2026
Place of publication, distribution, etc New Delhi
300 ## - PHYSICAL DESCRIPTION
Pages xi, 85
650 ## - Subject
Subject Hotel Management
650 ## - Subject
Subject Tourism
650 ## - Subject
Subject Front Office Management
942 ## - ADDED ENTRY ELEMENTS (KOHA)
Koha item type Books
Holdings
Withdrawn status Lost status Source of classification or shelving scheme Damaged status Not for loan Location (home branch) Sublocation or collection (holding branch) Shelving location Date acquired Koha issues (times borrowed) Koha full call number Accession No. Koha date last seen Koha item type
    Dewey Decimal Classification     VIVEKANANDA LIBRARY VIVEKANANDA LIBRARY IHTM Library 09/03/2026   647.94 A38H 425273 09/03/2026 Books
© Designed and Maintained by Vivekananda Library, MDU Rohtak